Statistics for U.S. States by Emoji

Click here to take the quiz!

General Stats

  • This quiz has been taken 112 times
  • The average score is 11 of 15

Answer Stats

HintAnswer% Correct
๐Ÿ„๐ŸŒ‹๐Ÿ–Hawaii
94%
๐ŸŽฅ๐Ÿท๐ŸŒ‰California
91%
๐Ÿš•๐Ÿ—ฝ๐Ÿ™New York
88%
๐Ÿค ๐ŸŒถ๏ธ๐ŸŒฎTexas
87%
๐ŸŠ๐Ÿ‘ด๏ธ๐ŸŒดFlorida
86%
๐ŸŽฐ๐ŸŒต๐ŸŽฒNevada
84%
๐ŸŽท๐ŸŠโšœ๏ธLouisiana
83%
๐Ÿฆก๏ธ๐Ÿง€๐Ÿ„Wisconsin
79%
โ€‹๐Ÿ‘โ€‹๐ŸŽฌ๐ŸˆGeorgia
76%
๐Ÿ๐Ÿ€๐ŸŒฝIndiana
74%
โš“๏ธ๐Ÿฆž๏ธ๐ŸŽฃMaine
67%
๐ŸŒฝ๐Ÿšœ๐Ÿ—ณIowa
56%
โ€‹โ€‹๐Ÿช•โ€‹๐Ÿฅƒ๐ŸŽถTennessee
56%
๐Ÿ‚๐Ÿ๐ŸƒVermont
46%
๐Ÿšฌ๐Ÿชต๐ŸŒฒOregon
42%

Score Distribution

Percentile by Number Answered

Percent of People with Each Score

Your Score History

You have not taken this quiz